| 000 | 00598nam a2200193Ia 4500 | ||
|---|---|---|---|
| 003 | GCL | ||
| 008 | 140319s9999 xx 000 0 ara d | ||
| 040 |
_aGCL / _cGCL |
||
| 082 | 0 | 4 |
_a001.6424 _bا ك |
| 100 | 1 | _aاوزل , ديفيد | |
| 245 | 1 | 0 |
_aكتاب العمل للنظام DOS / _cاوزل , ديفيد |
| 260 |
_a[S.N] : _bالدار العربية للعلوم ، _c1989 |
||
| 300 | _a86 ص | ||
| 490 | _a | ||
| 650 | 0 | 4 | _aالحاسبات الالكترونية |
| 650 | 0 | 4 | _aبرنامج دوس |
| 650 | 0 | 4 | _aبرامج الحاسبات الالكترونية |
| 942 |
_2ddc _cBK |
||
| 999 |
_c46930 _d46930 |
||